Principles of oceanography
Αποθηκεύτηκε σε:
| Κύριος συγγραφέας: | |
|---|---|
| Μορφή: | Βιβλίο |
| Γλώσσα: | English |
| Δημοσίευση: |
New Jersey :
Prentice-Hall,
c1995
|
| Έκδοση: | 7th ed. |
| Θέματα: | |
| Ετικέτες: |
Προσθήκη ετικέτας
Δεν υπάρχουν, Καταχωρήστε ετικέτα πρώτοι!
|
MARC
| LEADER | 00000nam a2200000 i 4500 | ||
|---|---|---|---|
| 001 | 1/24859 | ||
| 008 | 981202s1995 eng d | ||
| 020 | |a 0-02-347981-7 | ||
| 035 | |l 10037191 | ||
| 040 | |a GR-MY-UA |b gre |e aacr | ||
| 041 | 0 | |a eng | |
| 082 | 0 | |a 551.46 | |
| 100 | 1 | |a Gross, Meredith Grant |d 1933- | |
| 245 | 1 | 0 | |a Principles of oceanography / |c M. Grant Gross |
| 250 | |a 7th ed. | ||
| 260 | |a New Jersey : |b Prentice-Hall, |c c1995 | ||
| 300 | |a 230 p. |b fig. | ||
| 500 | |a Rev. ed. of: Oceanography, a view of the earth | ||
| 504 | |a Includes index | ||
| 650 | 0 | 0 | |a Oceanography. |
| 852 | |a INST |b LESVOS |e 19981202 |h 551.46 PRI |p 005100017299 |q 005100017299 |t BK |y 0 | ||
| 901 | |a BIBL-1999-1 | ||
| 909 | |a Λ |b 060903 | ||
| 922 | |a 1ΕΛΗ |b 199911 |c ΚΠΣ/ΤΕΘ |d ΠΑΠΑΣΩΤΗΡΙΟΥ | ||
| 950 | |a 134-1998-07-29 | ||